SŁODKIE MISIE - Statystyki

Ogólne statystyki
  • Ten quiz został rozwiązany 9 razy
  • Średni wynik to 7 z 12
Statystyki odpowiedzi
Hint .............. % Poprawnych
michał misiek
83%
ile osób 4
67%
dawid dyzio
67%
ulubiona pora roku julki zima
67%
nazwa dzieci michała
50%
naj głupsza osoba chłop kacper
50%
julia mrówka
50%
ulubiona osoba weroniki pezet
50%
ulubiona rzecz michała piwo
50%
szkoła teb
50%
weronika wiewiurka
50%
ulubiony piłkarz dawida pedri
33%
Nie znaleziono quizów pasujących do podanych kryteriów
Rozkład punktacji
Procent ludzi z każdym wynikiem
Percentyl według liczby udzielonych odpowiedzi
Twoja historia wyników
Nie rozwiązałeś tego quizu